Parhaiten myyneet pelikonsolit - Statistics

Yleistilastot
  • Tätä visaa on pelattu 1 023 kertaa
  • Keskiarvotulos 14 / 29
Vastaustilastot
Julkaisuvuosi Myynti Konsoli % Oikein
1994 102 milj. PlayStation
99%
2001 24 milj. Xbox
94%
1983 62 milj. Nintendo
93%
2000 155 milj. PlayStation 2
89%
2013 116 milj. PlayStation 4
89%
2006 87 milj. PlayStation 3
88%
2020 10 milj. PlayStation 5
85%
2006 102 milj. Wii
79%
2005 84 milj. Xbox 360
69%
2017 89 milj. Nintendo Switch
64%
2013 51 milj. Xbox One
62%
1989 119 milj. Game Boy / Game Boy Color
52%
2020 6,5 milj. Xbox Series X / S
39%
2004 154 milj. Nintendo DS
38%
2012 14 milj. Wii U
38%
2001 22 milj. Game Cube
34%
1990 49 milj. Super Nintendo
33%
1996 33 milj. Nintendo 64
32%
1983 11,5 milj. Sega Master System
32%
2011 76 milj. Nintendo 3DS
27%
1977 30 milj. Atari 2600
26%
2004 81 milj. PSP
24%
2011 12,5 milj. PlayStation Vita
22%
2001 82 milj. Game Boy Advance
17%
1988 31 milj. Sega Genesis
13%
1998 9,1 milj. Dreamcast
12%
1994 9,3 milj. Sega Saturn
8%
1990 10,7 milj. Game Gear
4%
1987 10 milj. TurboGrafx-16
3%
Ehtoja vastaavia visoja ei löytynyt
Tulosjakauma
Jokaisen tuloksen saaneiden osuus
Persentiili vastausten määrän mukaan
Tuloshistoriasi
Et ole pelannut tätä visaa